Sensors and actuators in mechatronics : (Record no. 22805)

MARC details
000 -LEADER
fixed length control field 00564cam a22001934a 4500
003 - CONTROL NUMBER IDENTIFIER
control field KenMUT
005 - DATE AND TIME OF LATEST TRANSACTION
control field 20250530121900.0
008 - FIXED-LENGTH DATA ELEMENTS--GENERAL INFORMATION
fixed length control field 060207s2007 fluaf b 001 0 eng
020 ## - INTERNATIONAL STANDARD BOOK NUMBER
International Standard Book Number 0849390133
020 ## - INTERNATIONAL STANDARD BOOK NUMBER
International Standard Book Number 9780849390135
040 ## - CATALOGING SOURCE
Transcribing agency MUT
050 00 - LIBRARY OF CONGRESS CALL NUMBER
Classification number TJ 163.12
Item number .P39 2017
100 1# - MAIN ENTRY--PERSONAL NAME
Personal name Pawlak, Andrzej M.
245 10 - TITLE STATEMENT
Title Sensors and actuators in mechatronics :
Remainder of title design and applications /
260 ## - PUBLICATION, DISTRIBUTION, ETC.
Place of publication, distribution, etc. Boca Raton, FL :
Name of publisher, distributor, etc. CRC/Taylor & Francis,
Date of publication, distribution, etc. 2007.
650 #0 - SUBJECT ADDED ENTRY--TOPICAL TERM
Topical term or geographic name entry element Mechatronics.
650 #0 - SUBJECT ADDED ENTRY--TOPICAL TERM
Topical term or geographic name entry element Optical detectors.
942 ## - ADDED ENTRY ELEMENTS (KOHA)
Source of classification or shelving scheme Library of Congress Classification
Koha item type Books
Suppress in OPAC No
Holdings
Withdrawn status Lost status Source of classification or shelving scheme Damaged status Not for loan Home library Current library Shelving location Date acquired Source of acquisition Total checkouts Full call number Barcode Date last seen Price effective from Koha item type
    Library of Congress Classification     Murang'a University of Technology Library Murang'a University of Technology Library General stacks 19/05/2025 Purchase   TJ 163.12 .P39 2017 031890 19/05/2025 19/05/2025 Books
    Library of Congress Classification     Murang'a University of Technology Library Murang'a University of Technology Library General stacks 19/05/2025 Purchase   TJ 163.12 .P39 2017 031889 19/05/2025 19/05/2025 Books